| 000 | 00600nam a2200241Ia 4500 | ||
|---|---|---|---|
| 003 | OSt | ||
| 005 | 20230413160304.0 | ||
| 008 | 210423s2008 xx 000 0 und d | ||
| 020 | _a100070667675 | ||
| 040 | _cAL | ||
| 041 | _aeng | ||
| 082 |
_a332.024 _223 _bKAPJ |
||
| 100 |
_aKAPOOR (Jack R);others _988364 |
||
| 245 | _aPersonal finance | ||
| 250 | _a8 | ||
| 260 |
_aNew Delhi _bTata McGraw-hill _c2008 |
||
| 300 |
_axxxii,643,I-20 _bPB |
||
| 365 |
_b625 _cINR |
||
| 650 |
_aEconomics _988365 |
||
| 650 |
_aFinancial Economics _988366 |
||
| 906 | _afinance ; Personal | ||
| 942 |
_2ddc _cBK |
||
| 999 |
_c157459 _d157459 |
||